NJ Municipalities - Sussex County - Statistics

General Stats
  • This quiz has been taken 521 times
  • The average score is 16 of 24
Answers on the Map
Answers color-coded by a green-red scale on the quiz's map according to % correct below.
 
Answer Stats
Answer % Correct
Sussex
86%
Sparta Township
83%
Newton
76%
Montague Township
73%
Vernon Township
73%
Hopatcong
71%
Wantage Township
71%
Andover Borough
68%
Walpack Township
68%
Stanhope
67%
Green Township
64%
Sandyston Township
64%
Ogdensburg
62%
Franklin Borough
61%
Hamburg
61%
Lafayette Township
61%
Andover Township
60%
Branchville
60%
Byram Township
59%
Stillwater Township
59%
Frankford Township
55%
Hardyston Township
54%
Fredon Township
51%
Hampton Township
47%
No matching quizzes found
Score Distribution
Percent of People with Each Score
Percentile by Number Answered
Your Score History
You have not taken this quiz